Quizzes
Events
Quiz Creation
Community
Videos
Private Events
Remove Ads
Sign In
Join for FREE
Feedback
Dark Mode
Quiz Categories
Sports
Geography
Music
Movies
Television
Just For Fun
Miscellaneous
History
Literature
Language
Science
Gaming
Entertainment
Religion
Holiday
For Kids
Quiz Lab
Recent
Popular Today
Quiz Kudos Today
Editor Picks
Curator Picks
Quizzes by...
Day
Popularity
Type
Ratings
Length
Year
Community
Subscriptions
Recent Discussions
Orange Saloon
Badges
Playlists
Quests
Create
Leaderboards
Showdown
Live 5
Trivia Bingo
Activity
Puzzle Library
Sporcle Events
Private Events
Virtual Trivia
Globe League
Become a Host
Pub Owners
SporcleCon
Opinionation
Our Games
Videos
Blog
Mobile Apps
Partnerships
Remove Ads and Go Orange
Feedback
Music
Pop Music
The Beatles
Song
Album
Lyrics
Bands
Singers
Artist
Clip
Rock
Rap
Classical
Billboard
Country Music
Kpop
Taylor Swift
Music
Pop Music
The Beatles
Song
Album
Lyrics
Bands
Singers
Artist
Clip
Rock
Rap
Classical
Billboard
Country Music
Kpop
Taylor Swift
Random Quiz
Search Sporcle
×
Quiz Lab
Quiz Lab
Music
Lyrics
Type in answers that appear in a list
Type in answers that appear in a list
Classic
Best Score? Go Orange.
'Elastic Heart' Lyrics Stats
Can you name the lyrics to 'Elastic Heart' by Sia?
By
revenge911
10m
299 Questions
1,211 Plays
1,211 Plays
1,211 Plays
Comments
Comments
Give Quiz Kudos
Give Quiz Kudos
-
- Ratings
hide this ad
Replay
Link that replays current quiz
Next Quiz
Link to next quiz in quiz playlist
You Got
0%
They Got
Avg Score
82%
Avg Friend Score
Upgrade to see
Score Distribution
Jump to the score distribution portion of the page
Score
0/299
Timer
10:00
0
Plays Today
Answer
% Correct
And
99.4%
the
99.4%
And
99.4%
And
99.4%
the
99.4%
and
99.4%
a
99.4%
and
99.4%
And
99.4%
the
99.4%
And
99.4%
And
99.4%
And
99.4%
the
99.4%
a
99.4%
and
99.4%
a
99.4%
and
99.4%
and
99.4%
a
99.4%
and
99.4%
I
99.2%
I
99.2%
I
99.2%
I
99.2%
I
99.2%
I
99.2%
I
99.2%
I
99.2%
I
99.2%
I
99.2%
I
99.2%
I
99.2%
I
99.2%
I
99.2%
I
99.2%
I
99.2%
an
99.1%
an
99.1%
an
99.1%
an
99.1%
an
99.1%
an
99.1%
an
99.1%
an
99.1%
an
99.1%
elastic
97.2%
elastic
97.2%
elastic
97.2%
elastic
97.2%
elastic
97.2%
elastic
97.2%
elastic
97.2%
elastic
97.2%
elastic
97.2%
heart,
96.7%
heart
96.7%
heart
96.7%
heart
96.7%
heart,
96.7%
heart
96.7%
heart,
96.7%
heart
96.7%
heart
96.7%
got
95.3%
got
95.3%
got
95.3%
got
95.3%
got
95.3%
got
95.3%
got
95.3%
got
95.3%
got
95.3%
You
94.1%
you
94.1%
you
94.1%
You
94.1%
you
94.1%
you
94.1%
you
94.1%
you
94.1%
I've
93.9%
I've
93.9%
I've
93.9%
I've
93.9%
I've
93.9%
I've
93.9%
I've
93.9%
I've
93.9%
I've
93.9%
skin
93.4%
skin
93.4%
skin
93.4%
to
93.3%
to
93.3%
to
93.3%
no
92.9%
thick
91.8%
thick
91.8%
thick
91.8%
Answer
% Correct
one
91.6%
one
91.6%
one
91.6%
one
91.6%
one
91.6%
not
90.6%
not
90.6%
not
90.6%
me
90.5%
me
90.5%
me
90.5%
me
90.5%
me
90.5%
can
90.3%
can
90.3%
can
90.3%
another
89.1%
another
89.1%
another
89.1%
dust
89%
dust
89%
dust
89%
I'm
88.2%
I'm
88.2%
I'm
88.2%
I'm
88.2%
I'm
88.2%
I'm
88.2%
bites
87.6%
bites
87.6%
bites
87.6%
But
87.5%
But
87.5%
But
87.5%
But
87.5%
But
87.5%
But
87.5%
But
87.5%
love?
86.6%
be
86.3%
be
86.3%
be
86.3%
be
86.3%
be
86.3%
Oh
86.2%
Oh oh-oh-oh-oh-oh-oh-oh-oh-oh-oh-oh-oh-oh
86.2%
Oh oh-oh-oh-oh-oh-oh-oh-oh-oh
86.2%
Oh-oh-oh-oh
86.2%
it,
85.8%
it
85.8%
it
85.8%
it,
85.8%
it
85.8%
it
85.8%
why
84.6%
too
84.6%
too
84.6%
too
84.6%
too
84.6%
too
84.6%
too
84.6%
we
84.5%
fight
84.3%
for
83.8%
for
83.8%
hard,
83.6%
hard
83.6%
hard,
83.6%
hard,
83.6%
so
82%
so
82%
break
80.9%
break
80.9%
still
80.3%
still
80.3%
like
79.8%
won't
79.8%
won't
79.8%
like
79.8%
won't
79.8%
like
79.8%
won't
79.8%
'Cause
79.6%
'Cause
79.6%
'Cause
79.6%
might
79.5%
might
79.5%
might
79.5%
might
79.5%
conquer
79.3%
fighting
78.7%
fighting
78.7%
my
78.6%
my
78.6%
my
78.6%
pull
78.5%
pull
78.5%
pull
78.5%
band
78%
band
78%
Answer
% Correct
band
78%
rubber
78%
rubber
78%
rubber
78%
your
77.3%
your
77.3%
your
77.3%
want
76.8%
want
76.8%
see
76.5%
see
76.5%
see
76.5%
that
75.6%
that
75.6%
peace
75.1%
peace
75.1%
this
73.7%
Yeah,
73.1%
Yeah,
73.1%
Yeah,
73.1%
Yeah,
73.1%
Yeah,
73.1%
fall
72.7%
fall
72.7%
fall
72.7%
were
72.3%
were
72.3%
sharp
71.6%
sharp
71.6%
sharp
71.6%
life
71.3%
life
71.3%
bad
70.9%
bad
70.9%
have
70.8%
will
70.7%
until
69.5%
until
69.5%
until
69.5%
It's
68.2%
trust
67.5%
apart
67.4%
apart
67.4%
apart
67.4%
did
67.3%
did
67.3%
thought
65.9%
without
64.9%
blade -
64.5%
blade -
64.5%
blade -
64.5%
I'll
64.1%
I'll
64.1%
there
63.6%
through
63.6%
through
63.6%
chosen
62.6%
eyes
62.6%
close
62.5%
war
62.3%
night
62.1%
Wanted
62%
wanted
62%
wanted
62%
weapons
61.9%
many
61.5%
snap
61%
know
61%
snap
61%
snap
61%
may
60.7%
may
60.7%
may
60.7%
everything
60.4%
save
59.6%
lose
58.9%
survive
58.7%
up
57.8%
Well,
57%
Well,
57%
Well,
57%
red
56.8%
let's
56.8%
let's
56.8%
Now
56.6%
doing
56.6%
flags
56.3%
clear,
56.3%
clear,
56.3%
stay
54.2%
walk
51.7%
fire
51%
move
49.6%
move
49.6%
move
49.6%
Then
47.4%
fast
45.4%
fast
45.4%
fast
45.4%
Quiz Playlist
Details
Report
Send in Message
Add To Playlist
Classic:
Type in answers that appear in a list
Last Updated: Feb 16, 2017
Quiz Scoreboard
CHALLENGE
Sign Up to Join the Scoreboard
Show All
Scores
Hide
Comments
May contain spoilers
Recently Published
9x9 Crossword: Cartoon Network
by jackfrog10
Miscellaneous
3m
College Basketball Coaching Resumes
by pancakes188
Sports
9m
Billboard Blitz: Fleetwood Mac
by CooCooCachoo
Music
15s
More to Explore
Quiz From the Vault
Featured Blog Post
Where Did the Easter Bunny Come From?
hide this ad
You Might Also Like...
Tags
Lyrics Quiz
sia
Today's Top Quizzes in Music
Browse Music
hide this ad
Today's Top Quizzes in Lyrics
Browse Lyrics
Top Contributed Quizzes in Music
1
Taylor Swift All Songs (2024)
2
Guess the Artist- 70s Songs
3
7-to-1: Billboard Hot 100 #1 Hits of 2010s
4
Sorting Albums and Songs
5
Taylor Swift Logic Puzzle
6
KPOP LOGIC QUIZ
7
Guess the Taylor Swift song (Mystery Song)
8
Guess The Taylor Swift Lyrics Song #1
9
Billboard Blitz: ABBA
10
One Thing in Common: Music
Explore More
Trending Topics
Marvel
Crossword
Disney
NBA
Harry Potter
Kpop
Anime
Pokémon
Country
WWE
The Office
Song
NFL
Soccer
Puzzle
hide this ad
More By:
revenge911
Quiz
Plays
Rating
Category
Featured
Created
'Elastic Heart' Lyrics
1,211
5.00
Music
Jun 4, 2015
Names of Wentworth (2013) Characters
332
Television
Aug 5, 2019
Doctors First Words
117
Television
Nov 20, 2013
Deaths in Harry Potter
94
1.20
Movies
Aug 16, 2012
The Big Bang Theory Episodes
26
Television
Feb 6, 2014
Go to Creator's Profile
Score Distribution
Quiz Creator Spotlight
revenge911
Follow
Send a Message
Quizzes Created
-
Created Quiz Play Count
-
More By This Creator
Popular Quizzes Today
1
Find the US States - No Outlines Minefield
2
Find the Countries of Europe - No Outlines Minefield
3
The Countries of the World
4
Find the US States
5
Risky Map Clicking: Biggest States A-Z
6
US States
7
Popular People in 1961
8
Movies - When Are They Set?
More Music Quizzes
Every Carrie Underwood Song
Curator's Pick
Trending Quizzes
Risky Map Clicking: Least Populous States A-Z
1-10 Letter G Words
1-10 Letter F Words
Risky Map Clicking: Next State Alphabetically
Adjectives in 80s TV Shows
Recently Updated
Leaping Animals
pecheneg
Reality TV Shows (A-Z)
bhenderson79
Rickey Henderson's Hall of Fame Teammates
pecheneg
Champions League XIs: Arsenal
pecheneg
Quick Pick: Celebrities in WWE's Hall of Fame
aduchscher
A-Z Keypad Blitz II
pecheneg
Multiple Oscar Actors
pecheneg
Mystery Phrase Blitz: Oscar 'Best Actors'
pecheneg
F. Scott Fitzgerald Novels
LTH
Pick 3 Villains
ddd62291
Trending Topics
Disney
Anime
Marvel
Kpop
NBA
Crossword
Harry Potter
Song
Puzzle
WWE
The Office
Pokémon
Soccer
NFL
Country
Your Account Isn't Verified!
In order to create a playlist on Sporcle, you need to verify the email address you used during registration. Go to your
Sporcle Settings
to finish the process.
Report this User
Report this user for behavior that violates our
Community Guidelines
.
Details:
Send Report
Go to the Sporcle.com Mobile Site →
Comments